Family law and succession / (Record no. 13736)
[ view plain ]
| 000 -LEADER | |
|---|---|
| fixed length control field | 00664cam a22002172 4500 |
| 001 - CONTROL NUMBER | |
| control field | 0000019821 |
| 005 - DATE AND TIME OF LATEST TRANSACTION | |
| control field | 20151217155903.0 |
| 008 - FIXED-LENGTH DATA ELEMENTS--GENERAL INFORMATION | |
| fixed length control field | 110214s xx 000 0 eng d |
| 020 ## - INTERNATIONAL STANDARD BOOK NUMBER | |
| International Standard Book Number | 9966738630 : |
| 040 ## - CATALOGING SOURCE | |
| Original cataloging agency | KABU |
| Transcribing agency | KABU |
| 245 10 - TITLE STATEMENT | |
| Title | Family law and succession / |
| Statement of responsibility, etc. | editor: Irene Wanjiku Maina. |
| 250 ## - EDITION STATEMENT | |
| Edition statement | 2nd ed. |
| 260 ## - PUBLICATION, DISTRIBUTION, ETC. (IMPRINT) | |
| Place of publication, distribution, etc. | Nairobi : |
| Name of publisher, distributor, etc. | Legal Resources Foundation Trust, |
| Date of publication, distribution, etc. | 2009. |
| 300 ## - PHYSICAL DESCRIPTION | |
| Extent | 91 p. |
| 650 #0 - SUBJECT ADDED ENTRY--TOPICAL TERM | |
| Topical term or geographic name as entry element | Marriage law |
| Geographic subdivision | Kenya. |
| -- | 0000158620 |
| 650 #0 - SUBJECT ADDED ENTRY--TOPICAL TERM | |
| Topical term or geographic name as entry element | Husband and wife |
| Geographic subdivision | Kenya. |
| -- | 0000179800 |
| 700 1# - ADDED ENTRY--PERSONAL NAME | |
| Personal name | Maina, Irene Wanjiku. |
| -- | 0000179801 |
| 908 ## - PUT COMMAND PARAMETER (RLIN) | |
| Put command parameter | 110214 |
| 950 ## - LOCAL HOLDINGS (RLIN) | |
| -- | 1 |
| Withdrawn status | Lost status | Source of classification or shelving scheme | Not for loan | Home library | Current library | Date acquired | Total Checkouts | Full call number | Barcode | Date last seen | Date last checked out | Price effective from | Koha item type |
|---|---|---|---|---|---|---|---|---|---|---|---|---|---|
| Library of Congress Classification | Kabarak, Main Campus | Kabarak, Main Campus | 17/12/2015 | 1 | KSK543 .F36 2009 c. 1 | 22288 | 17/12/2019 | 13/12/2019 | 17/12/2015 | Africana Collection |